|
|
|
|
| LEADER |
00000nam0a2200000 4500 |
| 001 |
200653 |
| 005 |
20231031184754.0 |
| 010 |
|
|
|a 5755002827
|
| 020 |
|
|
|a RU
|b 91-39163
|
| 035 |
|
|
|a (RuTPU)RU\TPU\book\218734
|
| 090 |
|
|
|a 200653
|
| 100 |
|
|
|a 20110912d1991 m y0rusy5003 ca
|
| 101 |
0 |
|
|a rus
|
| 102 |
|
|
|a RU
|
| 105 |
|
|
|a y z 001zy
|
| 200 |
1 |
|
|a Повышение эффективности подземной разработки руд
|f Е. Г. Фурсов, Л. М. Цинкер, П. С. Ратушняк
|
| 210 |
|
|
|a Кемерово
|c Кемеровское книжное изд-во
|d 1991
|
| 215 |
|
|
|a 95 с.
|c ил.
|
| 320 |
|
|
|a Библиогр.: с. 94-95.
|
| 610 |
1 |
|
|a руда
|
| 610 |
1 |
|
|a подземная разработка
|
| 610 |
1 |
|
|a эффективность
|
| 610 |
1 |
|
|a добыча
|
| 610 |
1 |
|
|a циклично-поточные технологии
|
| 610 |
1 |
|
|a освоение
|
| 675 |
|
|
|a 622.272
|v 3
|
| 700 |
|
1 |
|a Фурсов
|b Е. Г.
|g Евгений Григорьевич
|4 070
|
| 701 |
|
1 |
|a Цинкер
|b Л. М.
|g Леонид Маркович
|
| 701 |
|
1 |
|a Ратушняк
|b П. С.
|g Павел Сергеевич
|
| 801 |
|
0 |
|a RU
|b RuMRKP
|c 19950417
|g psbo
|
| 801 |
|
1 |
|a RU
|b 63413507
|c 20110912
|
| 801 |
|
2 |
|a RU
|b 63413507
|c 20110916
|g RCR
|
| 942 |
|
|
|c BK
|